Catholic University of Zimbabwe Library
Online Public Access Catalogue
(OPAC)

Culture and society in tourism contexts (Record no. 31148)

MARC details
000 -LEADER
fixed length control field 03607nam a2200445Ia 4500
001 - CONTROL NUMBER
control field bslw08948641
003 - CONTROL NUMBER IDENTIFIER
control field UtOrBLW
005 - DATE AND TIME OF LATEST TRANSACTION
control field 20210303085209.0
006 - FIXED-LENGTH DATA ELEMENTS--ADDITIONAL MATERIAL CHARACTERISTICS
fixed length control field m d
007 - PHYSICAL DESCRIPTION FIXED FIELD--GENERAL INFORMATION
fixed length control field cr un|||||||||
008 - FIXED-LENGTH DATA ELEMENTS--GENERAL INFORMATION
fixed length control field 121129s2012 enka ob 000 0 eng d
020 ## - INTERNATIONAL STANDARD BOOK NUMBER
International Standard Book Number 9780857246844 (electronic bk.) :
Terms of availability £67.95 ; €97.95 ; $124.95
040 ## - CATALOGING SOURCE
Original cataloging agency UtOrBLW
Transcribing agency UtOrBLW
050 #4 - LIBRARY OF CONGRESS CALL NUMBER
Classification number G155.A1
Item number C85 2012
072 #7 - SUBJECT CATEGORY CODE
Subject category code KNSG
Source bicssc
072 #7 - SUBJECT CATEGORY CODE
Subject category code JF
Source bicssc
072 #7 - SUBJECT CATEGORY CODE
Subject category code BUS081000
Source bisacsh
072 #7 - SUBJECT CATEGORY CODE
Subject category code SOC000000
Source bisacsh
072 #7 - SUBJECT CATEGORY CODE
Subject category code SOC026000
Source bisacsh
080 ## - UNIVERSAL DECIMAL CLASSIFICATION NUMBER
Universal Decimal Classification number 338.48
082 04 - DEWEY DECIMAL CLASSIFICATION NUMBER
Classification number 338.4791
Edition number 23
245 00 - TITLE STATEMENT
Title Culture and society in tourism contexts
Medium [electronic resource] /
Statement of responsibility, etc. edited by A.-M. Nogués-Pedregal.
260 ## - PUBLICATION, DISTRIBUTION, ETC.
Place of publication, distribution, etc. Bingley, U.K. :
Name of publisher, distributor, etc. Emerald,
Date of publication, distribution, etc. 2012.
300 ## - PHYSICAL DESCRIPTION
Extent 1 online resource (xxiv, 251 p.) :
Other physical details ill.
490 1# - SERIES STATEMENT
Series statement Tourism social science series,
International Standard Serial Number 1571-5043 ;
Volume/sequential designation v. 17
504 ## - BIBLIOGRAPHY, ETC. NOTE
Bibliography, etc. note Includes bibliographical references.
505 0# - FORMATTED CONTENTS NOTE
Formatted contents note Introduction / A.-M. Nogués-Pedregal -- ch. 1. Instrumental cosmopolitanism : the 'valorization' of heritage and sociality in Mediterranean cities / Julie Scott -- ch. 2. Touring the frontier : reinventing the eastern Adriatic for tourism / Emilio Cocco -- ch. 3. When the desirable and the feasible converge through tourism space / A.-M. Nogués-Pedregal -- ch. 4. Negotiating Marrakech : postcolonial travels in Morocco / Lauren Wagner, Claudio Minca -- ch. 5. Building tourism in Costa Blanca : second homes, second chances? / Antonio Aledo, Jens Kr. Steen Jacobsen, Leif Selstad -- ch. 6. Across social categories and boundaries : transnational mobilities and interculturality / Regina Römhild -- ch. 7. Borders of (in)visibility in the Greek Aegean / Heath Cabot, Ramona Lenz -- Conclusion : sociocultural nature and context of tourism / A.-M. Nogués-Pedregal.
520 ## - SUMMARY, ETC.
Summary, etc. This book strives to understand the social and cultural dynamics in Mediterranean tourist destinations through ethnographic examples from Greece, Spain, Egypt, France, Malta and Crete. Migrants, tourists and new residents with different nationalities and personal motivations converge and share with locals in the same locations and/or create new places that mushroom all over the territories (i.e. urbanisations in the coasts). As this occurs the practices and meanings that give sense to daily life seem to blur traditional dichotomic notions such as leisure and labour, residents or locals, nationals or foreigners. The work of several social scientists, from varied backgrounds, over numerous years, using multiple research techniques to observe cultures and societies as they occur in daily practices is documented here. This book underlines the importance of focusing on the relations among the relations, that is, not simply looking at only one of the possible social pairs among these groups (i.e. tourists-locals; tourist-new residents etc.) but at how the presence of all the groups affect both the whole social and cultural processes and the relations among them.
588 0# - SOURCE OF DESCRIPTION NOTE
Source of description note Print version record
650 #7 - SUBJECT ADDED ENTRY--TOPICAL TERM
Topical term or geographic name entry element Business & Economics
General subdivision Industries
-- Hospitality, Travel & Tourism.
Source of heading or term bisacsh
650 #7 - SUBJECT ADDED ENTRY--TOPICAL TERM
Topical term or geographic name entry element Social Science
General subdivision General.
Source of heading or term bisacsh
650 #7 - SUBJECT ADDED ENTRY--TOPICAL TERM
Topical term or geographic name entry element Social Science
General subdivision Sociology
-- General.
Source of heading or term bisacsh
650 #7 - SUBJECT ADDED ENTRY--TOPICAL TERM
Topical term or geographic name entry element Tourism industry.
Source of heading or term bicssc
650 #7 - SUBJECT ADDED ENTRY--TOPICAL TERM
Topical term or geographic name entry element Society & culture: general.
Source of heading or term bicssc
650 #0 - SUBJECT ADDED ENTRY--TOPICAL TERM
Topical term or geographic name entry element Tourism
General subdivision Social aspects.
700 1# - ADDED ENTRY--PERSONAL NAME
Personal name Nogués-Pedregal, A. M.
776 1# - ADDITIONAL PHYSICAL FORM ENTRY
International Standard Book Number 9780857246837
830 #0 - SERIES ADDED ENTRY--UNIFORM TITLE
Uniform title Tourism social science series ;
Volume/sequential designation v. 17.
856 40 - ELECTRONIC LOCATION AND ACCESS
Uniform Resource Identifier <a href="https://www.emerald.com/insight/publication/doi/10.1108/S1571-5043(2012)17">https://www.emerald.com/insight/publication/doi/10.1108/S1571-5043(2012)17</a>
Holdings
Withdrawn status Lost status Source of classification or shelving scheme Damaged status Not for loan Home library Current library Shelving location Date acquired Total Checkouts Full call number Date last seen Uniform Resource Identifier Price effective from Koha item type
          Digital Library Digital Library Online Access 03.03.2021   G155.A1 C85 2012 03.03.2021 https://www.emerald.com/insight/publication/doi/10.1108/S1571-5043(2012)17 03.03.2021 eBook

OPENING HOURS

Weekdays: 0815hrs - 1800hrs
Weekends:0900hrs - 1200hrs

Closed for Mass:

Mon, Thur: 1200hrs - 1300hrs
Sunday & Public Holiday’s

CALL SUPPORT

0242-570570, 0242-570169
09200664, +263 8644140602

LOCATION

18443, Cranborne Avenue, Hatfield, Harare

Other Links


©2021 | CUZ Library